Marvel characters - Statistics

General Stats
  • This quiz has been taken 18 times
  • The average score is 6 of 15
Answer Stats
Hint Answer % Correct
1. Captain America
93%
8. BlackWidow
71%
7. BlackPanther
57%
13. Loki
57%
5. ScarletWitch
43%
2. Cyclops
36%
14. Moonknight
36%
4. Gambit
29%
15. Ghost Rider
29%
6. The Thing
29%
10. GreenGoblin
21%
3. WarMachine
21%
9. Luke Cage
14%
12. Mister Fantastic
7%
11. Silver Surfer
7%
No matching quizzes found
Score Distribution
Percent of People with Each Score
Percentile by Number Answered
Your Score History
You have not taken this quiz